<?xml version="1.0" encoding="UTF-8"?><?xml-stylesheet type="text/xsl" href="static/style.xsl"?><OAI-PMH xmlns="http://www.openarchives.org/OAI/2.0/" xmlns:xsi="http://www.w3.org/2001/XMLSchema-instance" xsi:schemaLocation="http://www.openarchives.org/OAI/2.0/ http://www.openarchives.org/OAI/2.0/OAI-PMH.xsd"><responseDate>2026-04-29T17:51:04Z</responseDate><request verb="GetRecord" identifier="oai:riubu.ubu.es:10259/5939" metadataPrefix="marc">https://riubu.ubu.es/oai/request</request><GetRecord><record><header><identifier>oai:riubu.ubu.es:10259/5939</identifier><datestamp>2023-07-07T22:42:20Z</datestamp><setSpec>com_10259_2699</setSpec><setSpec>col_10259_2703</setSpec></header><metadata><record xmlns="http://www.loc.gov/MARC21/slim" xmlns:doc="http://www.lyncode.com/xoai" xmlns:xsi="http://www.w3.org/2001/XMLSchema-instance" xmlns:dcterms="http://purl.org/dc/terms/" xsi:schemaLocation="http://www.loc.gov/MARC21/slim http://www.loc.gov/standards/marcxml/schema/MARC21slim.xsd">
<leader>00925njm 22002777a 4500</leader>
<datafield tag="042" ind1=" " ind2=" ">
<subfield code="a">dc</subfield>
</datafield>
<datafield tag="720" ind1=" " ind2=" ">
<subfield code="a">Ortega Camarero, María Teresa</subfield>
<subfield code="e">author</subfield>
</datafield>
<datafield tag="260" ind1=" " ind2=" ">
<subfield code="c">2020</subfield>
</datafield>
<datafield tag="520" ind1=" " ind2=" ">
<subfield code="a">Las personas con discapacidad intelectual (PDI) envejecen antes que el resto de la población y de manera más virulenta. El envejecimiento impacta más en las personas que trabajan, afectando a un proyecto de vida en el que no solo lo económico se vincula al empleo: también su autonomía, su desarrollo personal y sus relaciones sociales.&#xd;
Esta Tesis Doctoral aborda esta situación, desde dos objetivos. En primer lugar, mide el impacto de la edad en la calidad de vida de los trabajadores. En segundo lugar, propone medidas de intervención a aplicar con los trabajadores con DI de los centros especiales de empleo, mediante la aplicación de la técnica Delphi.&#xd;
Se obtienen como resultados, que la edad influye significativamente en la calidad de vida. Se aporta una propuesta formada por 68 medidas de intervención, distribuidas en tres ámbitos: las PDI; sus familias y las organizaciones de atención a la discapacidad.</subfield>
</datafield>
<datafield tag="024" ind2=" " ind1="8">
<subfield code="a">http://hdl.handle.net/10259/5939</subfield>
</datafield>
<datafield tag="024" ind2=" " ind1="8">
<subfield code="a">10.36443/10259/5939</subfield>
</datafield>
<datafield ind1=" " ind2=" " tag="653">
<subfield code="a">Discapacidad</subfield>
</datafield>
<datafield ind1=" " ind2=" " tag="653">
<subfield code="a">Envejecimiento</subfield>
</datafield>
<datafield ind1=" " ind2=" " tag="653">
<subfield code="a">Empleo</subfield>
</datafield>
<datafield ind1=" " ind2=" " tag="653">
<subfield code="a">Calidad de vida</subfield>
</datafield>
<datafield ind1=" " ind2=" " tag="653">
<subfield code="a">Centros especiales de empleo</subfield>
</datafield>
<datafield ind1=" " ind2=" " tag="653">
<subfield code="a">Disability</subfield>
</datafield>
<datafield ind1=" " ind2=" " tag="653">
<subfield code="a">Aging</subfield>
</datafield>
<datafield ind1=" " ind2=" " tag="653">
<subfield code="a">Job</subfield>
</datafield>
<datafield ind1=" " ind2=" " tag="653">
<subfield code="a">Quality of life</subfield>
</datafield>
<datafield ind1=" " ind2=" " tag="653">
<subfield code="a">Special employment centers</subfield>
</datafield>
<datafield tag="245" ind1="0" ind2="0">
<subfield code="a">El envejecimiento de los trabajadores con discapacidad intelectual de los centros especiales de empleo: una propuesta de medidas de intervención para mejorar su calidad de vida</subfield>
</datafield>
</record></metadata></record></GetRecord></OAI-PMH>